Learning Resource and Development

Fire performance analysis for buildings (Record no. 11183)

MARC details
000 -LEADER
fixed length control field 00912nam a22002897a 4500
005 - DATE AND TIME OF LATEST TRANSACTION
control field 20230512223700.0
008 - FIXED-LENGTH DATA ELEMENTS--GENERAL INFORMATION
fixed length control field 210201t xxu||||| |||| 00| 0 eng d
020 ## - INTERNATIONAL STANDARD BOOK NUMBER
International Standard Book Number 9781118657096
040 ## - CATALOGING SOURCE
Transcribing agency CSPC
082 0# - DEWEY DECIMAL CLASSIFICATION NUMBER
Classification number 693.82
Item number F576f
100 ## - MAIN ENTRY--PERSONAL NAME
Personal name Fitzgerald, Robert W.,
Relator term author.
245 00 - TITLE STATEMENT
Title Fire performance analysis for buildings
Statement of responsibility, etc. Robert W. Fitzgerald
250 ## - EDITION STATEMENT
Edition statement Second
Remainder of edition statement Edition
260 ## - PUBLICATION, DISTRIBUTION, ETC.
Place of publication, distribution, etc. United Kingdom :
Name of publisher, distributor, etc. John Wiley & Sons,
Date of publication, distribution, etc. 2017.3
300 ## - PHYSICAL DESCRIPTION
Extent xxvi, 692 pages :
Other physical details figures, tables ;
Dimensions 26 cm.
336 ## - CONTENT TYPE
Source rdacontent
Content type term text
337 ## - MEDIA TYPE
Source rdamedia
Media type term unmediated
338 ## - CARRIER TYPE
Source rdacarrier
Carrier type term volume
500 ## - GENERAL NOTE
General note Includes index.
650 10 - SUBJECT ADDED ENTRY--TOPICAL TERM
Topical term or geographic name entry element Building, Fireproof.
650 10 - SUBJECT ADDED ENTRY--TOPICAL TERM
Topical term or geographic name entry element Fire prevention
General subdivision Inpection.
700 1# - ADDED ENTRY--PERSONAL NAME
Personal name Meacham, Brian J.,
Relator term author.
940 ## - EQUIVALENCE OR CROSS-REFERENCE--UNIFORM TITLE [OBSOLETE] [CAN/MARC only]
Uniform title <a href="Lenie">Lenie</a>
942 ## - ADDED ENTRY ELEMENTS (KOHA)
Koha item type
-- GRD 693.82 F576f 2017
Holdings
Withdrawn status Lost status Damaged status Not for loan Home library Current library Shelving location Date acquired Total Checkouts Full call number Barcode Date last seen Copy number Price effective from Koha item type
        Main Library Main Library Graduate School Library 05/12/2023   GRD 693.82 F576f 2017 022364 05/12/2023 1-1 05/12/2023 Books